| 000 | 00813nam a2200241 a 4500 | ||
|---|---|---|---|
| 001 | 000008383 | ||
| 005 | 20200929161333.0 | ||
| 008 | 090916s2001 pr 000 0 spa d | ||
| 020 | _a1881715868 | ||
| 040 | _aDO-SdBNP | ||
| 082 |
_aPR861.44 _bM386f |
||
| 100 | 1 |
_aMartínez-Márquez, Alberto, _d1966- _912039 |
|
| 245 | 1 | 4 |
_aLas formas del vértigo y otros poemas (1986-1990) / _cAlberto Martínez-Márquez. |
| 260 |
_aSan Juan, Puerto Rico : _bIsla Negra, _c2001. |
||
| 300 |
_a118 p. ; _c21 cm. |
||
| 490 | 1 | _aJosémilo González | |
| 500 | _aIncluye datos biográficos del autor en la solapa de la cubierta | ||
| 650 | 4 |
_aPoesía puertoriquena _96539 |
|
| 650 | 4 |
_aLiteratura puertorriqueña _9250 |
|
| 830 | 0 |
_aJosémilo González _922608 |
|
| 910 | _aValidado. Control de calidad MFF | ||
| 049 | _aBNPD | ||
| 999 |
_c8154 _d8154 |
||